Preguntar el aire (Record no. 161)

MARC details
000 -LEADER
campo de control de longitud fija 00371 a2200133 4500
020 ## - NÚMERO INTERNACIONAL ESTÁNDAR DEL LIBRO
Número Internacional Estándar del Libro 9789968470780
082 ## - NÚMERO DE LA CLASIFICACIÓN DECIMAL DEWEY
Número de clasificación 861.972.85
Número de ítem ES77p
100 ## - ENTRADA PRINCIPAL--NOMBRE DE PERSONA
Nombre de persona Espinoza, Byron
9 (RLIN) 779
245 ## - MENCIÓN DEL TÍTULO
Título Preguntar el aire
260 ## - PUBLICACIÓN, DISTRIBUCIÓN, ETC.
Lugar de publicación, distribución, etc. San Jose, Costa Rica
Nombre del editor, distribuidor, etc. B. Espinoza H.
Fecha de publicación, distribución, etc. 2008
300 ## - DESCRIPCIÓN FÍSICA
Extensión 54 p
Otras características físicas ill (col)
Dimensiones 17 cm
650 ## - PUNTO DE ACCESO ADICIONAL DE MATERIA--TÉRMINO DE MATERIA
Término de materia o nombre geográfico como elemento de entrada poesia
Subdivisión general literatura
Subdivisión geográfica Nicaragua
9 (RLIN) 780
700 ## - ENTRADA AGREGADA--NOMBRE PERSONAL
Nombre de persona Byron Espinoza
9 (RLIN) 781
Holdings
Estatus retirado Estado de pérdida Fuente del sistema de clasificación o colocación Estado de daño No para préstamo Biblioteca de origen Biblioteca actual Ubicación en estantería Fecha de adquisición Total de préstamos Signatura topográfica completa Código de barras Visto por última vez Precio de reemplazo Tipo de ítem Koha
    Clasificación Decimal Dewey     Biblioteca LadoV Biblioteca LadoV   23/05/2014   861.972.85 ES77p 000152 23/05/2014 23/05/2014 Material 01